书目信息 |
| 题名: |
材料力学常见题型解析及模拟题
|
|
| 作者: | 刘达 主编 | |
| 分册: | ||
| 出版信息: | 西安 西北工业大学出版社 1997.10 |
|
| 页数: | 252页 | |
| 开本: | 26cm | |
| 丛书名: | 21世纪通向研究生之路系列丛书 | |
| 单 册: | ||
| 中图分类: | TB301 | |
| 科图分类: | ||
| 主题词: | 工程材料 | |
| 电子资源: | ||
| ISBN: | 7-5612-0992-4 | |
| 000 | 00697nam0 2200229 45 | |
| 001 | 0262913009 | |
| 005 | 2002061017283301 | |
| 010 | @a7-5612-0992-4@dRMB 21.00 | |
| 100 | @a20020610d1997 km y0chiy0120 ea | |
| 101 | 0 | @achi |
| 102 | @aCN@b610000 | |
| 200 | 1 | @a材料力学常见题型解析及模拟题@Acai liao li xue chang jian ti xing jie xi ji mo ni ti@f刘达主编@Fliu da zhu bian |
| 205 | @a第2版 | |
| 210 | @a西安@c西北工业大学出版社@d1997.10 | |
| 215 | @a252页@d26cm | |
| 225 | 2 | @a21世纪通向研究生之路系列丛书 |
| 461 | 0 | @12001 @a21世纪通向研究生之路系列丛书 |
| 606 | 0 | @a工程材料 |
| 690 | @aTB301@v3 | |
| 701 | 0 | @a刘达@Aliu da@4主编 |
| 801 | 0 | @aCN@bPFT@c20020610 |
| 905 | @a10447@dTB301@eL600 | |
| 材料力学常见题型解析及模拟题/刘达主编.-第2版.-西安:西北工业大学出版社,1997.10 |
| 252页;26cm.-(21世纪通向研究生之路系列丛书) |
| ISBN 7-5612-0992-4:RMB 21.00 |
| ● |
| 相关链接 |
|
|
|
正题名:材料力学常见题型解析及模拟题
索取号:TB301/L600
 
预约/预借
| 序号 | 登录号 | 条形码 | 馆藏地/架位号 | 状态 | 备注 |
| 1 | 360168 | 203601682 | 自科库501/501自科库 11排1列1层/ [索取号:TB301/L600] | 在馆 | |
| 2 | 360169 | 203601691 | 自科二线504/504自科库 12排1列4层/ [索取号:TB301/L600] | 在馆 | |
| 3 | 360865 | 203608658 | 自科库501/501自科库 11排1列1层/ [索取号:TB301/L600] | 在馆 | |
| 4 | 360866 | 203608667 | 自科库501/501自科库 11排1列1层/ [索取号:TB301/L600] | 在馆 | |
| 5 | 360867 | 203608676 | 自科库501/501自科库 11排1列1层/ [索取号:TB301/L600] | 在馆 |